Building materials in developing countries

Bibliographic Details
Main Author: Spence, Robin
Other Authors: Cook, D.J.(David J)
Format: Book
Published: Chichester : John Wiley and Sons , 1983
Subjects:

MARC

LEADER 00000cam a2200000 7i4500
001 0000002690
005 20050613.0
020 |a 0471102350 
040 |a INS 
090 0 0 |a TA402.7.   |b S63 1983 
100 1 |a Spence, Robin 
245 1 0 |a Building materials in developing countries   |c Robin Spence 
260 |a Chichester :   |b John Wiley and Sons ,   |c 1983 
300 |a xvii 338p. :   |b ill 
650 0 0 |a Under developed areas   |x building material 
700 1 |a Cook, D.J.(David J) 
999 |a 0000000821   |b BOOK   |c Open Shelf   |e Default branch